Bacalah ABC : Anak yang Baik lagi Cerdik. . BACAAN 3

Bibliographic Details
Main Authors: Nor Hayati Hj. Senek (Author), Abdul Razak Ismail (Author)
Other Authors: Suhasni Dollah, , 1970- (Editor)
Format: Book
Language:Malay
Published: Kuala Lumpur : GLOBAL MEDIASTREET SDN BHD 2022
Subjects:

MARC

LEADER 00000cam a2200000 7i4500
001 0000145552
005 20221110.0
008 221012s2022 my a xb k may
020 |a 9789672708445 
040 |a PERPUSTAM   |b eng   |c PERPUSTAM   |e rda 
041 |a may 
090 0 0 |a J 499.23158   |b NOR 
100 0 |a Nor Hayati Hj. Senek, ,   |e author. 
245 1 0 |a Bacalah ABC :   |b Anak yang Baik lagi Cerdik. .   |n BACAAN 3   |c Nor Hayati bt Hj Senek, Abdul Razak bin Ismail ; Editor Suhasni bin Dollah 
264 1 |a Kuala Lumpur :   |b GLOBAL MEDIASTREET SDN BHD   |c 2022 
300 |a viii, 63 pages :   |b colour illustrations ;   |c 29 cm. 
336 |a text  |2 rdacontent 
337 |a unmediated  |2 rdamedia 
338 |a volume  |2 rdacarrier 
650 1 0 |a Malay language   |x Phonetics 
650 2 0 |a Reading   |x Phonetic method 
700 0 |a Abdul Razak Ismail, ,   |e author. 
700 0 |a Suhasni Dollah, ,   |d 1970- ,   |e editor. 
999 |a 0000729522   |b Buku   |c Koleksi Pinjaman Kanak-Kanak   |e Perbadanan Perpustakaan Awam Melaka 
999 |a 0000729523   |b Buku   |c Koleksi Pinjaman Kanak-Kanak   |e Perbadanan Perpustakaan Awam Melaka 
999 |a 0000729524   |b Buku   |c Koleksi Pinjaman Kanak-Kanak   |e Perbadanan Perpustakaan Awam Melaka 
999 |a 0000729525   |b Buku   |c Koleksi Pinjaman Kanak-Kanak   |e Perpustakaan Cawangan Jasin 
999 |a 0000729526   |b Buku   |c Koleksi Pinjaman Kanak-Kanak   |e Perpustakaan Cawangan Masjid Tanah 
999 |a 0000729527   |b Buku   |c Koleksi Pinjaman Kanak-Kanak   |e Perpustakaan Cawangan Merlimau 
999 |a 0000729528   |b Buku   |c Koleksi Pinjaman Kanak-Kanak   |e Perpustakaan Komuniti UTC Melaka 
999 |a 0000729529   |b Buku   |c Koleksi Pinjaman Kanak-Kanak   |e Perbadanan Perpustakaan Awam Melaka 
999 |a 0000729530   |b Buku   |c Koleksi Pinjaman Kanak-Kanak   |e Perbadanan Perpustakaan Awam Melaka 
999 |a 0000729531   |b Buku   |c Koleksi Pinjaman Kanak-Kanak   |e Perbadanan Perpustakaan Awam Melaka 
999 |a 0000729532   |b Buku   |c Koleksi Pinjaman Kanak-Kanak   |e Perbadanan Perpustakaan Awam Melaka 
999 |a 0000729533   |b Buku   |c Koleksi Pinjaman Kanak-Kanak   |e Perbadanan Perpustakaan Awam Melaka 
999 |a 0000729534   |b Buku   |c Koleksi Pinjaman Kanak-Kanak   |e Perbadanan Perpustakaan Awam Melaka 
999 |a 0000729535   |b Buku   |c Koleksi Pinjaman Kanak-Kanak   |e Perbadanan Perpustakaan Awam Melaka 
999 |a 0000729536   |b Buku   |c Koleksi Pinjaman Kanak-Kanak   |e Perbadanan Perpustakaan Awam Melaka 
999 |a 0000729537   |b Buku   |c Koleksi Pinjaman Kanak-Kanak   |e Perbadanan Perpustakaan Awam Melaka 
999 |a 0000729538   |b Buku   |c Koleksi Pinjaman Kanak-Kanak   |e Perbadanan Perpustakaan Awam Melaka 
999 |a 0000729539   |b Buku   |c Koleksi Pinjaman Kanak-Kanak   |e Perbadanan Perpustakaan Awam Melaka 
999 |a 0000729540   |b Buku   |c Koleksi Pinjaman Kanak-Kanak   |e Perbadanan Perpustakaan Awam Melaka 
999 |a 0000729541   |b Buku   |c Koleksi Pinjaman Kanak-Kanak   |e Perbadanan Perpustakaan Awam Melaka 
999 |a 0000729542   |b Buku   |c Koleksi Pinjaman Kanak-Kanak   |e Perbadanan Perpustakaan Awam Melaka 
999 |a 0000729543   |b Buku   |c Koleksi Pinjaman Kanak-Kanak   |e Perbadanan Perpustakaan Awam Melaka